A Somewhat Obscure Movie Quotes Quiz Stats

Quiz not verified by Sporcle

Also try: Oscar Best Actors
Challenge
Share
Tweet
Embed
Score 0/20 Timer 10:00
1 Play Today
Quote Movie % Correct
Lose it? I didn't lose it. It's not like, 'Whoops! Where'd my job go?' I QUIT. Someone pass the asparagus, pleaseAmerican Beauty
67.8%
Yes it's true. This man has no dick.Ghostbusters
66.1%
Love is too weak a word for what I feel - I luuurve you, you know, I loave you, I luff you, two F's, yes I have to invent, of course I - I do, don't you think I do?Annie Hall
50%
Au revoir, Shosanna!Inglourious Basterds
44.9%
I gave her my heart, she gave me a penSay Anything...
43.2%
Is that crazy enough for ya'? Want me to take a **** on the floor?One Flew Over the Cuckoo's Nest
42.4%
That ain't no Etch-A-Sketch. This is one doodle that can't be un-did, HomeskilletJuno
40.7%
Time to rock it from the Delta to the D.M.Z.!Good Morning Vietnam
38.1%
So listen, so here's the deal. This is what we should do. You should get off the train with me here in Vienna, and come check out the capital.Before Sunrise
31.4%
My careereth is over. I am making a horseth asseth of myselfeth. Mark, I'm begging you. I'm BEGGING you. You want this kind of performance? Let me play Lady AnneThe Goodbye Girl
14.4%
Quote Movie % Correct
That punk is either in love with that guy's daughter or he has a newfound respect for lifeGrosse Pointe Blank
13.6%
Because, you know, it seems to me that, I mean, except for being a little mentally ill, she's pretty normalBenny and Joon
12.7%
I don't like the snappy attitude. This is the most important decision you've made in your lives. Now go over by the trampoline and talk it throughMoonrise Kingdom
11%
And how did you feel, being denied these Hungry, Hungry Hippos?Donnie Darko
9.3%
Sometimes I think I have felt everything I'm ever gonna feel. And from here on out, I'm not gonna feel anything new. Just lesser versions of what I've already feltHer
8.5%
Do you prefer Margaret or 'Satan's Mistress'?The Proposal
8.5%
At least you'll never be a vegetable - even artichokes have heartsAmelie
7.6%
Woosah...Bad Boys II
6.8%
One scoop of creamed potatoes. A slice of butter. Four peas. And as much ice cream as you'd like to eat.Secretary
5.1%
Who says I can't use a skillet?Chocolat
3.4%

You're not logged in!

Compare scores with friends on all Sporcle quizzes.
Join for Free
OR
Log In

You Might Also Like...

Show Comments

Extras

Top Quizzes Today


Score Distribution

Your Account Isn't Verified!

In order to create a playlist on Sporcle, you need to verify the email address you used during registration. Go to your Sporcle Settings to finish the process.

Report this User

Report this user for behavior that violates our Community Guidelines.

Details: